| 000 | 01740nam a2200361 c 4500 | ||
|---|---|---|---|
| 003 | BLK | ||
| 005 | 20241015174032.0 | ||
| 008 | 180408b bul|||||r ||||||| ||bul|| | ||
| 010 | _aKNG00085909000 | ||
| 020 |
_a978-954-91327-5-5 _bиздат.: Лингея - на том(т. 2) |
||
| 040 | _aBLK | ||
| 041 |
_aBUL _cBUL |
||
| 080 |
_aКорупция _b328.185 _x(497.2) _z328.185(497.2) |
||
| 100 |
_aКожухаров, Кънчо Иванов _d1950 - _gАвтор на проза. Журналист. Графичен дизайнер. Преводач от английски език. _9241647 |
||
| 139 |
_aКожухаров, Кънчо Иванов _bК 74 |
||
| 245 | 1 | 0 |
_aКой какъв е в корупцията в България _bТ. 1 - _cКънчо Иванов Кожухаров. _nТ. 2 _pПарламент, президент, премиер |
| 257 | _aBGR | ||
| 260 |
_аБлагоевград _c2007 - |
||
| 300 | _c24 см | ||
| 380 | _a3 | ||
| 500 | _aКор. загл. Кой какъв е в българската корупция. - На загл. с. местоизд. София. | ||
| 590 | _aф | ||
| 650 | 4 |
_aКорупция - България _9271870 |
|
| 651 | 4 |
_aБългария _9241624 |
|
| 653 | _aкорупция | ||
| 760 | 1 |
_3- на том(т. 2) _aКожухаров, Кънчо Иванов _dЛингея, 2008 _h339 с. : с факс. _nСъдържа и За автора. _tТ. 2 Парламент, президент, премиер |
|
| 852 | _aЦб 236697 | ||
| 856 | 4 |
_qpdf _u |
|
| 856 | 4 |
_qpdf _u |
|
| 942 |
_cKNG _n0 _04 |
||
| 944 |
_aCR _c17.10.2008 _lМинев Младен _k30530 |
||
| 944 |
_aED _c11.10.2016 _lф / _kВиолета_Тройчева |
||
| 999 |
_c81405 _d81405 |
||